Diálogos
Sábháilte in:
| Príomhchruthaitheoirí: | , |
|---|---|
| Formáid: | LEABHAR |
| Teanga: | Spáinnis |
| Foilsithe / Cruthaithe: |
Valencia
Pre-Textos
2004
|
| Eagrán: | 3a. ed |
| Sraith: | Ensayo, 33
|
| Ábhair: | |
| Clibeanna: |
Cuir clib leis
Níl clibeanna ann, Bí ar an gcéad duine le clib a chur leis an taifead seo!
|
MARC
| LEADER | 00000nam a2200000 a 4500 | ||
|---|---|---|---|
| 001 | UCK4865 | ||
| 003 | CL-VaPUC | ||
| 008 | 050624e20040000SP |||||||||||||||||spa|d | ||
| 020 | |a 8485081307 | ||
| 082 | 0 | 4 | |a 194 |b DEL |2 21 |
| 100 | |a Deleuze, Gilles |e author |9 487836 | ||
| 700 | 0 | |a Parnet, Claire |e author |9 493507 | |
| 245 | 1 | 0 | |a Diálogos |
| 250 | |a 3a. ed | ||
| 300 | |a 166 p | ||
| 942 | |c BK | ||
| 945 | |d 20050624 00:00:00 |a jcarroza | ||
| 260 | |a Valencia |b Pre-Textos |c 2004 | ||
| 650 | 0 | |a Filosofía francesa |9 255698 | |
| 650 | 0 | |a Diálogos |9 257026 | |
| 650 | 0 | |a Psicoanálisis |9 265702 | |
| 650 | 0 | |a Estética |9 264950 | |
| 583 | |a last modification |c 20050624 00:00:00 |k Rodrigo Vera | ||
| 490 | 0 | |a Ensayo, 33 | |
| 999 | |c 313603 |d 313601 | ||
| 952 | |0 0 |1 0 |4 0 |6 194_000000000000000_DEL_2004 |7 0 |8 A |9 385029 |a BIBEDU |b BIBEDU |d 2019-11-22 |i 4136004 |o 194 DEL 2004 |p 4136004 |r 2019-11-22 |w 2019-11-22 |y BK |k FIL | ||